Ground water modeling in multilayer aquifers : unsteady flow

Αποθηκεύτηκε σε:
Λεπτομέρειες βιβλιογραφικής εγγραφής
Κύριος συγγραφέας: Aral, M. M. (Mustafa M.)
Μορφή: Βιβλίο
Γλώσσα:English
Δημοσίευση: Chelsea, Michigan : Lewis Publishers, 1990
Θέματα:
Ετικέτες: Προσθήκη ετικέτας
Δεν υπάρχουν, Καταχωρήστε ετικέτα πρώτοι!

MARC

LEADER 00000nam a2200000 i 4500
001 1/67516
008 931104s1990 eng d
020 |a 0-87371-305-2 
035 |a ΛΕΣΒΟΣb10001912  |l 10001912 
040 |a GR-MY-UA  |b gre  |e aacr 
041 0 |a eng 
082 0 |a 551.49015118 
100 1 |a Aral, M. M.  |q (Mustafa M.) 
245 1 0 |a Ground water modeling in multilayer aquifers :  |b unsteady flow /  |c M.M.Aral 
260 |a Chelsea, Michigan :   |b Lewis Publishers,   |c 1990 
300 |a 143 p.;  |c 23,50 cm.+  |e 2 floppy disks 
500 |a Includes bibliographical references 
650 0 0 |a Groundwater  |x Mathematical models. 
650 0 0 |a Groundwater  |x Data processing. 
650 0 0 |a Water-supply  |x Mathematical models. 
650 0 0 |a Water-supply  |x Data processing. 
650 0 0 |a Unsteady flow (Fluid Dynamics)  |x Mathematical models. 
650 0 0 |a Unsteady flow(Fluid dynamics)  |x Data processing. 
852 |a INST  |b LESVOS  |e 19931104  |h 551.49015118 ARA  |p 005100005693  |q 005100005693  |t BK  |y 0 
909 |a Λ  |b 021719